Statystyki dla Quiz o Nowej Zelandii

Kliknij tutaj aby rozwiązać quiz!

Ogólne statystyki

  • Ten quiz został rozwiązany 1 105 razy
  • Średni wynik to 9 z 20

Statystyki odpowiedzi

WskazówkaOdpowiedź% Poprawnych
StolicaWellington
94%
Waluta Nowej ZelandiiDolar nowozelandzki
80%
Najludniejsze miastoAuckland
78%
Ptak symbolizujący Nową ZelandięKiwi
76%
Nowa Zelandia była pierwszym krajem, który
przyznał powszechne prawo wyborcze _____
Kobietom
67%
Filmowa trylogia Petera Jacksona nakręcona
głównie w Nowej Zelandii
Władca Pierścieni
59%
Rdzenni mieszkańcy Nowej ZelandiiMaorysi
50%
Kraj, w którym znajduje się prowincja
Zelandia, po której nazwano Nową Zelandię
Holandia
44%
Najbardziej zaludnione miasto na Wyspie PołudniowejChristchurch
41%
Populacja tego zwierzęcia osiągnęła szczyt 70 milionów w
1982 roku
Owca
40%
Pasmo górskie, w którym leży powyższy szczytAlpy Południowe
34%
Pierwszy europejski odkrywca, który
zobaczył Nową Zelandię
Abel Tasman
32%
Najwyższa szczytAoraki / Góra Cooka
29%
Nazwa krajowej drużyny związkowej rugbyAll Blacks
23%
Legendarny alpinista, który zmarł w 2008 rokuEdmund Hillary
21%
Rodzaj gigantycznego nielotnego
ptaka, doprowadzony do wyginięcia
przed 1500 r.
Moa
20%
Nazwa Nowej Zelandii w języku powyższychAotearoa
19%
Największe jezioroTaupo
18%
Najdłuższa rzekaWaikato
18%
Być może największa atrakcja turystyczna Nowej ZelandiiZatoka {Milforda}
11%

Rozkład punktacji

Percentyl według liczby udzielonych odpowiedzi

Procent ludzi z każdym wynikiem

Twoja historia wyników

Nie rozwiązałeś tego quizu